Dealing with crime, criminals and the criminal justice system through spirituality: a cross-national experimental study with police officers (Record no. 116791)

000 -LEADER
fixed length control field 00544pab a2200169 454500
008 - FIXED-LENGTH DATA ELEMENTS--GENERAL INFORMATION
fixed length control field 180718b2017 xxu||||| |||| 00| 0 eng d
100 ## - MAIN ENTRY--PERSONAL NAME
Personal name Pandya, Samta P.
245 ## - TITLE STATEMENT
Title Dealing with crime, criminals and the criminal justice system through spirituality: a cross-national experimental study with police officers
260 ## - PUBLICATION, DISTRIBUTION, ETC.
Date of publication, distribution, etc. 2017
300 ## - PHYSICAL DESCRIPTION
Extent p.348-377.
362 ## - DATES OF PUBLICATION AND/OR SEQUENTIAL DESIGNATION
Dates of publication and/or sequential designation Dec
650 ## - SUBJECT ADDED ENTRY--TOPICAL TERM
Topical term or geographic name entry element Administration of
650 ## - SUBJECT ADDED ENTRY--TOPICAL TERM
Topical term or geographic name entry element Criminal justice
650 ## - SUBJECT ADDED ENTRY--TOPICAL TERM
Topical term or geographic name entry element Crime
773 ## - HOST ITEM ENTRY
Main entry heading Police Journal: Theory, Practice and Principles
909 ## -
-- 116797
Holdings
Withdrawn status Lost status Damaged status Not for loan Permanent Location Current Location Date acquired Serial Enumeration / chronology Barcode Date last seen Price effective from Koha item type
        Indian Institute of Public Administration Indian Institute of Public Administration 2018-07-19 Volume no: 90, Issue no: 4 AR117257 2018-07-19 2018-07-19 Articles

Powered by Koha